Single Named Singers - Statistics

General Stats
  • This quiz has been taken 110 times
  • The average score is 17 of 34
Answer Stats
Song Artist % Correct
Like A Virgin Madonna
96%
Umbrella Rihanna
94%
Rolling In The Deap Adele
93%
Hip's Don't Lie Shakira
93%
Single Ladies Beyonce
90%
Purple Rain Prince
88%
The Real Slim Shady Eminem
83%
Chandelier Sia
81%
TiK ToK Kesha
77%
Believe Cher
71%
Royals Lorde
69%
Kiss from a Rose Seal
64%
So What Pink
61%
Yeah! Usher
55%
One Dance Drake
54%
Englishman in New York Sting
53%
With or Without You Bono
46%
London Bridge Fergie
46%
White Flag Dido
41%
Paper Planes M.I.A.
36%
Smack That Akon
35%
Milkshake Kelis
34%
The Way I Are Timbaland
31%
Try Again Aaliyah
25%
Toy Soldiers Martika
25%
Sweet Child O' Mine Slash
23%
Levels Avicii
22%
Army of Me Bjork
22%
Let Me Blow Your Mind Eve
20%
Act a Fool Ludacris
20%
I'm Outta Love Anastacia
19%
Have You Ever Brandy
18%
Only Time Enya
17%
Sea of Tears Jewell
4%
No matching quizzes found
Score Distribution
Percent of People with Each Score
Percentile by Number Answered
Your Score History
You have not taken this quiz